Eleven minutes : (Record no. 159085)
[ view plain ]
| 000 -LEADER | |
|---|---|
| fixed length control field | 00880cam a22002294a 4500 |
| 005 - DATE AND TIME OF LATEST TRANSACTION | |
| control field | 20181129180620.0 |
| 008 - FIXED-LENGTH DATA ELEMENTS--GENERAL INFORMATION | |
| fixed length control field | 030804s2004 nyu | 00| f eng |
| 010 ## - LCCN (DPL NO) | |
| LC control number | B-713011 |
| 020 ## - INTERNATIONAL STANDARD BOOK NUMBER | |
| International Standard Book Number | 9788172235635 |
| Terms of availability | 350.00 |
| 035 ## - SYSTEM CONTROL NUMBER | |
| System control number | B-713011 |
| 037 ## - SOURCE OF ACQUISITION | |
| Source of stock number/acquisition | Pansy Books |
| 040 ## - CATALOGING SOURCE | |
| Original cataloging agency | dpl |
| Language of cataloging | EN |
| 082 ## - DEWEY DECIMAL CLASSIFICATION NUMBER | |
| Classification number | N |
| 100 ## - MAIN ENTRY--PERSONAL NAME | |
| Personal name | Coelho, Paulo |
| 245 ## - TITLE STATEMENT | |
| Title | Eleven minutes : |
| Remainder of title | a novel / |
| Statement of responsibility, etc | Paulo Coelho; translated from the Portuguese by Margaret Jull Costa. |
| 260 ## - PUBLICATION, DISTRIBUTION, ETC. (IMPRINT) | |
| Place of publication, distribution, etc | Noida |
| Name of publisher, distributor, etc | HarperCollins Publishers |
| Date of publication, distribution, etc | 2018 |
| 270 ## - ADDRESS | |
| Address | A-75, Sec. 57, |
| City | Noida, Uttar Pradesh |
| Postal code | 201301 |
| 300 ## - PHYSICAL DESCRIPTION | |
| Extent | XI,275 p. |
| Dimensions | 22 cm.(pbk) |
| 700 ## - ADDED ENTRY--PERSONAL NAME | |
| Personal name | Costa, Margaret Jull, Tr. |
| 942 ## - ADDED ENTRY ELEMENTS (KOHA) | |
| Source of classification or shelving scheme | Dewey Decimal Classification |
| Item type | English Books |
| Classification part | N |
| Call number suffix | COE |
| Withdrawn status | Lost status | Source of classification or shelving scheme | Damaged status | Not for loan | Home library | Current library | Date acquired | Source of acquisition | Cost, normal purchase price | Total Checkouts | Total Renewals | Full call number | Barcode | Date last seen | Cost, replacement price | Koha item type |
|---|---|---|---|---|---|---|---|---|---|---|---|---|---|---|---|---|
| Dewey Decimal Classification | Patel Nagar | Patel Nagar | 28/11/2018 | Pansy Books/1801, 27/11/2018/DPL/PN/RP/2015-16/1290,19/11/2018 | 350.00 | 30 | 22 | N COE | B-713011 | 02/05/2026 | 350.00 | English Books |
